| 000 | 00490nam a2200205Ia 4500 | ||
|---|---|---|---|
| 005 | 20240823040657.0 | ||
| 008 | 240823s9999||||xx |||||||||||||| ||und|| | ||
| 020 | _a978-81-203-3168-6 | ||
| 041 | _aENGLISH | ||
| 082 | _A351 P7 | ||
| 100 | _aHugh T Miller | ||
| 245 | 0 | _aPostmodern Public Administration | |
| 250 | _a1st | ||
| 260 |
_c2007 _b#VALUE! |
||
| 500 | _aYES | ||
| 650 |
_aAdministration _bManagement Studies |
||
| 700 | _a Charles J Fox | ||
| 942 | _cBK | ||
| 999 |
_c203690 _d203690 |
||